<?xml version="1.0" encoding="UTF-8"?>
<record
    xmlns:xsi="http://www.w3.org/2001/XMLSchema-instance"
    xsi:schemaLocation="http://www.loc.gov/MARC21/slim http://www.loc.gov/standards/marcxml/schema/MARC21slim.xsd"
    xmlns="http://www.loc.gov/MARC21/slim">

  <leader>01447cam a22002771  4500</leader>
  <controlfield tag="001">000016350</controlfield>
  <controlfield tag="005">20200929164402.0</controlfield>
  <controlfield tag="008">811014s1960    mx            000 0 spa  </controlfield>
  <datafield tag="010" ind1=" " ind2=" ">
    <subfield code="a">61041462</subfield>
  </datafield>
  <datafield tag="035" ind1=" " ind2=" ">
    <subfield code="a">(OCoLC)7847765</subfield>
  </datafield>
  <datafield tag="040" ind1=" " ind2=" ">
    <subfield code="a">DO-SdBNP</subfield>
    <subfield code="c">NmU</subfield>
    <subfield code="d">DLC</subfield>
  </datafield>
  <datafield tag="042" ind1=" " ind2=" ">
    <subfield code="a">premarc</subfield>
  </datafield>
  <datafield tag="050" ind1="0" ind2="0">
    <subfield code="a">PQ8214</subfield>
    <subfield code="b">.P62</subfield>
  </datafield>
  <datafield tag="245" ind1="0" ind2="0">
    <subfield code="a">Poesia popular, alcances y apendice. :</subfield>
    <subfield code="b">Indices.</subfield>
  </datafield>
  <datafield tag="260" ind1=" " ind2=" ">
    <subfield code="a">Puebla, Mexico, :</subfield>
    <subfield code="b">J. M. Cajica, Jr.,</subfield>
    <subfield code="c">[1960].</subfield>
  </datafield>
  <datafield tag="300" ind1=" " ind2=" ">
    <subfield code="a">653 p. :</subfield>
    <subfield code="b">illus. ;</subfield>
    <subfield code="c">22 cm.</subfield>
  </datafield>
  <datafield tag="440" ind1=" " ind2="0">
    <subfield code="a">Biblioteca ecuatoriana minima, la colonia y la republica.</subfield>
    <subfield code="9">3109</subfield>
  </datafield>
  <datafield tag="504" ind1=" " ind2=" ">
    <subfield code="a">Includes bibliographies.</subfield>
  </datafield>
  <datafield tag="505" ind1="0" ind2=" ">
    <subfield code="a">Poesia popular; introduccion, por I. J. Barrera.--La poesia quichua.--Selecciones.--Coplas y cantares del pueblo ecuatoriano; estudio preliminar, por I. J. Barrera.--Selecciones.--Cantares de la cosgta ecuatoriana.--Poesia popular de la independencia.--Alcances.--Apendices: Atahualpa y Huascar vistos por F. G. Poma de Ayala; estudio, transcripciones, vocabulario y bibliografia por O. Holm.--Miguel de Estete; introduccion y notas, por C. M. Larrea.--Noticia del Peru de M. de Estete.--Indices alfabeticos de toda la Biblioteca.</subfield>
  </datafield>
  <datafield tag="650" ind1=" " ind2="0">
    <subfield code="a">Ecuadorian poetry.</subfield>
    <subfield code="9">36465</subfield>
  </datafield>
  <datafield tag="650" ind1=" " ind2="0">
    <subfield code="a">Folk-songs, ecuadorian.</subfield>
    <subfield code="9">36466</subfield>
  </datafield>
  <datafield tag="650" ind1=" " ind2="0">
    <subfield code="a">Ecuadorian poetry</subfield>
    <subfield code="x">History and criticism.</subfield>
    <subfield code="9">36467</subfield>
  </datafield>
  <datafield tag="700" ind1="1" ind2=" ">
    <subfield code="a">Barrera, Isaac J.,</subfield>
    <subfield code="e">ed.</subfield>
    <subfield code="9">36468</subfield>
  </datafield>
  <datafield tag="730" ind1="0" ind2=" ">
    <subfield code="a">Biblioteca ecuatoriana minima. (Indexes).</subfield>
    <subfield code="9">36469</subfield>
  </datafield>
  <datafield tag="910" ind1=" " ind2=" ">
    <subfield code="a">Catalogaci&#xF3;n derivada</subfield>
  </datafield>
  <datafield tag="952" ind1=" " ind2=" ">
    <subfield code="0">0</subfield>
    <subfield code="1">0</subfield>
    <subfield code="5">0</subfield>
    <subfield code="7">2</subfield>
    <subfield code="8">MO</subfield>
    <subfield code="a">GR</subfield>
    <subfield code="b">GR</subfield>
    <subfield code="c">BD</subfield>
    <subfield code="d">2010-03-03</subfield>
    <subfield code="i">LF1</subfield>
    <subfield code="l">0</subfield>
    <subfield code="o"> </subfield>
    <subfield code="p">16350-10</subfield>
    <subfield code="r">2020-06-25</subfield>
    <subfield code="w">2020-06-25</subfield>
    <subfield code="y">1</subfield>
    <subfield code="Z">No se presta</subfield>
  </datafield>
  <datafield tag="999" ind1=" " ind2=" ">
    <subfield code="c">15885</subfield>
    <subfield code="d">15885</subfield>
  </datafield>
</record>
